Cien años de soledad / (Registro nro. 61084)

Detalles MARC
000 -LEADER
campo de control de longitud fija 02573cam a22004814i 4500
003 - IDENTIFICADOR DE NÚMERO DE CONTROL
campo de control PE-LiUPU
005 - FECHA Y HORA DE LA ÚLTIMA TRANSACCIÓN
campo de control 20250731184119.0
008 - DATOS DE LONGITUD FIJA--INFORMACIÓN GENERAL
campo de control de longitud fija 150616s1987 ck r 000 0 spa d
020 ## - NÚMERO INTERNACIONAL ESTÁNDAR DEL LIBRO
Número Internacional Estándar del Libro 9580600023
020 ## - NÚMERO INTERNACIONAL ESTÁNDAR DEL LIBRO
Número Internacional Estándar del Libro 9789580600022
035 ## - NÚMERO DE CONTROL DEL SISTEMA
Número de control de sistema (Sirsi) i9789580600022
040 ## - FUENTE DE CATALOGACIÓN
Centro catalogador/agencia de origen PE-LiUPU
Lengua de catalogación spa
Centro/agencia transcriptor PE-LiUPU
Normas de descripción rda
049 ## - FONDOS LOCALES (OCLC)
Biblioteca depositaria PRUA
082 04 - NÚMERO DE LA CLASIFICACIÓN DECIMAL DEWEY
Número de clasificación 869.082
Cutter M/ G25
Número de edición 21
100 1# - ENTRADA PRINCIPAL--NOMBRE DE PERSONA
Nombre de persona Garcia Marquez, Gabriel,
Fechas asociadas al nombre 1927-,
Término indicativo de función/relación autor.
245 10 - MENCIÓN DEL TÍTULO
Título Cien años de soledad /
Mención de responsabilidad, etc. Gabriel García Márquez.
264 #1 - PRODUCCIÓN, PUBLICACIÓN, DISTRIBUCIÓN, FABRICACIÓN Y COPYRIGHT
Producción, publicación, distribución, fabricación y copyright Bogotá, Colombia :
Nombre del de productor, editor, distribuidor, fabricante Oveja Negra,
Fecha de producción, publicación, distribución, fabricación o copyright 1987.
300 ## - DESCRIPCIÓN FÍSICA
Extensión 325 páginas ;
Dimensiones 22 centímetros.
336 ## - TIPO DE CONTENIDO
Término de tipo de contenido text
Fuente rdacontent
337 ## - TIPO DE MEDIO
Nombre/término del tipo de medio unmediated
Fuente rdamedia
338 ## - TIPO DE SOPORTE
Nombre/término del tipo de soporte volume
Fuente rdacarrier
490 0# - MENCIÓN DE SERIE
Mención de serie Maestros de la Literatura Universal
505 0# - NOTA DE CONTENIDO CON FORMATO
Nota de contenido con formato Obra completa.
526 ## - NOTA DE INFORMACIÓN SOBRE EL PROGRAMA DE ESTUDIO
Nombre del programa Comunicación Y Periodismo
526 ## - NOTA DE INFORMACIÓN SOBRE EL PROGRAMA DE ESTUDIO
Nombre del programa Educación, Especialidad Inglés Y Español (A Distancia)
526 ## - NOTA DE INFORMACIÓN SOBRE EL PROGRAMA DE ESTUDIO
Nombre del programa Educación, Especialidad Inglés Y Español
526 ## - NOTA DE INFORMACIÓN SOBRE EL PROGRAMA DE ESTUDIO
Nombre del programa Educación secundaria, especialidad lingüística e inglés
526 ## - NOTA DE INFORMACIÓN SOBRE EL PROGRAMA DE ESTUDIO
Nombre del programa Ciencias de la comunicación
596 ## -
-- 1
650 04 - PUNTO DE ACCESO ADICIONAL DE MATERIA--TÉRMINO DE MATERIA
Término de materia o nombre geográfico como elemento de entrada Novelas colombianas
Subdivisión cronológica Siglo XX.
910 ## - DATOS DE OPCIÓN DEL USUARIO (OCLC)
Datos de opción del usuario jck
-- jvq
-- jck
942 ## - ELEMENTOS DE ENTRADA SECUNDARIOS (KOHA)
Fuente del sistema de clasificación o colocación Clasificación Decimal Dewey
Tipo de ítem Koha
949 ## - PROCESAMIENTO DE INFORMACIÓN LOCAL (OCLC)
a 869.082 M G25
w DEWEY
c 1
i 43124
l CCODEBUL1
m BUL
r 0
s Y
t BOOK
u 2015-6-16
x EDUCACION
-- P20
0 COMPRA
o .STAFF. Colección Ciencias Humanas y Educación
949 ## - PROCESAMIENTO DE INFORMACIÓN LOCAL (OCLC)
a 869.082 M G25
w DEWEY
c 2
i 47469
l CCODEBUL1
m BUL
r 0
s Y
t BOOK
u 2015-6-16
x EDUCACION
-- P20
0 COMPRA
o .STAFF. Colección Ciencias Humanas y Educación
949 ## - PROCESAMIENTO DE INFORMACIÓN LOCAL (OCLC)
a 869.082 M G25
w DEWEY
c 3
i 43122
l CCODEBUL1
m BUL
r 0
s Y
t BOOK
u 2015-6-16
x EDUCACION
-- P20
0 COMPRA
o .STAFF. Colección Ciencias Humanas y Educación
949 ## - PROCESAMIENTO DE INFORMACIÓN LOCAL (OCLC)
a 869.082 M G25
w DEWEY
c 4
i 43123
l CCODEBUL1
m BUL
r 0
s Y
t BOOK
u 2015-6-16
x EDUCACION
-- P20
0 COMPRA
o .STAFF. Colección Ciencias Humanas y Educación
994 ## -
-- C0
-- PEPRU
999 ## - NÚMEROS DE CONTROL DE SISTEMA (KOHA)
-- DEWEY
-- 43124
-- 2022-6-21
-- 2021-11-9
-- 7
-- CCODEBUL1
-- BUL
-- 3
-- 15.00
-- 1
-- 0
-- Y
-- BOOK
-- 2015-6-16
-- EDUCACION
-- P20
-- COMPRA
-- .STAFF. Colección Ciencias Humanas y Educación
999 ## - NÚMEROS DE CONTROL DE SISTEMA (KOHA)
-- DEWEY
-- 47469
-- 2019-4-22
-- 2022-3-1
-- 4
-- CCODEBUL1
-- BUL
-- 2
-- 15.00
-- 1
-- 0
-- Y
-- BOOK
-- 2015-6-16
-- EDUCACION
-- P20
-- COMPRA
-- .STAFF. Colección Ciencias Humanas y Educación
999 ## - NÚMEROS DE CONTROL DE SISTEMA (KOHA)
-- DEWEY
-- 43122
-- 2017-9-4
-- 2017-2-16
-- 1
-- LOST
-- BUL
-- 1
-- 15.00
-- 1
-- Y
-- BOOK
-- 2015-6-16
-- EDUCACION
-- P20
-- COMPRA
-- .STAFF. Colección Ciencias Humanas y Educación
999 ## - NÚMEROS DE CONTROL DE SISTEMA (KOHA)
-- DEWEY
-- 43123
-- 2021-11-5
-- 5
-- CCODEBUL1
-- BUL
-- 15.00
-- 0
-- Y
-- BOOK
-- 2015-6-16
-- BIBLIOTECA
-- P20
-- COMPRA
-- .STAFF. Colección Ciencias Humanas y Educación
980 ## - EQUIVALENCIA O REFERENCIA-CRUZADA-MENCIÓN DE SERIE--NOMBRE DE PERSONA/TÍTULO [LOCAL, CANADÁ]
ID del último usuario que modificó el registro 1
Nombre del último usuario que modificó el registro ALBERTO SANCHEZ Responsable de Automatización
Existencias
Visto por última vez Número de inventario Total de préstamos Signatura topográfica completa Código de barras Fecha del último préstamo Copia número Coste, precio de reemplazo Fecha de reemplazo Facultad Tipo de ítem Koha Nota pública Estado de pérdida Fuente del sistema de clasificación o colocación Restricciones de uso No para préstamo Colección Programa académico Biblioteca de origen Biblioteca actual Ubicación en estantería Fecha de adquisición Fuente de adquisición Coste, precio normal de compra
2026-04-27 8 10 869.082 M G25 43124 2026-04-23 e1 20.00 2015-06-16 FACIHED Libros físicos inventario-2023-12-13 No Perdido Clasificación Decimal Dewey No restringido Disponible para préstamos Colección General Educación primaria Biblioteca CRAI UPeU Lima Biblioteca CRAI UPeU Lima Sala principal 2015-06-16 COMPRA 15.00
2026-04-27 5 8 869.082 M G25 47469 2026-04-23 e2 20.00 2015-06-16 FACIHED Libros físicos inventario-2023-12-13 No Perdido Clasificación Decimal Dewey No restringido Disponible para préstamos Colección General Educación primaria Biblioteca CRAI UPeU Lima Biblioteca CRAI UPeU Lima Sala principal 2015-06-16 COMPRA 15.00
2017-09-04 1 1 869.082 M G25 43122 2017-09-04 e3 20.00 2015-06-16 FACIHED Libros físicos perdido o baja hasta el 2023-12-13 Perdido Clasificación Decimal Dewey Restringido No disponible para préstamos Colección General Educación primaria Biblioteca CRAI UPeU Lima Biblioteca CRAI UPeU Lima Sala principal 2015-06-16 COMPRA 15.00
2026-04-23 6 1 869.082 M G25 43123 2026-04-23 e4 20.00 2015-06-16 FACIHED Libros físicos inventario-2023-12-13 No Perdido Clasificación Decimal Dewey No restringido Disponible para préstamos Colección General Educación primaria Biblioteca CRAI UPeU Lima Biblioteca CRAI UPeU Lima Sala principal 2015-06-16 COMPRA 15.00